000 00311nam a2200109Ia 4500
008 200302s9999 xx 000 0 und d
100 _aMarkus berger and others ed.
245 _aIntervention Adaptive reuse the Experience economy Vol 6
260 _bRhode Island School of Design
260 _c2015
300 _a112
999 _c6199
_d6199